Statystyki dla Największe państwa według kategorii

Kliknij tutaj aby rozwiązać quiz!

Ogólne statystyki

  • Ten quiz został rozwiązany 22 razy
  • Średni wynik to 15 z 20

Statystyki odpowiedzi

Największe państwo...Państwo% Poprawnych
Na świecieRosja
100%
W OceaniiAustralia
95%
W Ameryce PołudniowejBrazylia
95%
Całkowicie w AzjiChiny
95%
Niemieckojęzyczny (nie wliczając Niemiec)Austria
90%
W Ameryce PółnocnejKanada
90%
Całkowicie w EuropieUkraina
90%
Na Bliskim WschodzieArabia Saudyjska
86%
Graniczące z BrazyliąArgentyna
81%
Na literę HHiszpania
81%
W AfryceAlgieria
76%
W ASEAN (Stowarzyszenie Narodów Azji Południowo-Wschodniej)Indonezja
76%
W Grupie WyszehradzkiejPolska
76%
Zaczynające się na SaintSaint Lucia
76%
W Afryce przed 2011 rokiemSudan
76%
ŚródlądowyKazachstan
67%
Leżące nad Morzem PółnocnymFrancja
62%
Śródlądowy w EuropieBiałoruś
57%
W Ameryce ŚrodkowejNikaragua
57%
Kończące się na LSenegal
14%

Rozkład punktacji

Percentyl według liczby udzielonych odpowiedzi

Procent ludzi z każdym wynikiem

Twoja historia wyników

Nie rozwiązałeś tego quizu